Support to a robust model assessment, benchmark and development of a management strategy evaluation for cod in NAFO division 3M (Registro nro. 171430)
[ vista simple ]
| 000 -LEADER | |
|---|---|
| fixed length control field | 01968nam a22004337a 4500 |
| 007 - PHYSICAL DESCRIPTION FIXED FIELD--GENERAL INFORMATION | |
| fixed length control field | cr|||| |||| |
| 008 - FIXED-LENGTH DATA ELEMENTS--GENERAL INFORMATION | |
| fixed length control field | 220418s2020 eu |||||s|||| 00||0 eng d |
| 020 ## - INTERNATIONAL STANDARD BOOK NUMBER | |
| International Standard Book Number | 978-92-9460-207-7 |
| 035 ## - | |
| -- | 34360 |
| 040 ## - CATALOGING SOURCE | |
| Original cataloging agency | vLex |
| 090 ## - | |
| -- | 13194 |
| -- | 13194 |
| 100 1# - MAIN ENTRY--PERSONAL NAME | |
| Personal name | González-Troncoso, Diana |
| 245 10 - TITLE STATEMENT | |
| Title | Support to a robust model assessment, benchmark and development of a management strategy evaluation for cod in NAFO division 3M |
| Medium | [Recurso electrónico] / |
| Statement of responsibility, etc | Diana González-Troncoso, Fernando González-Costas, Agurtzane Urtizberea, Ricardo Alpoim, Carmen Fernández, Thomas Brunel, José de Oliveira, Antonio Ávila, Alfonso Pérez, Panayiota Apostolaki, Santiago Cerviño, Esther Román, Dorleta García, Ane Iriondo, Eduardo Santos |
| 256 ## - | |
| -- | Servicio en línea |
| 260 ## - PUBLICATION, DISTRIBUTION, ETC. (IMPRINT) | |
| Place of publication, distribution, etc | Bruselas: |
| Name of publisher, distributor, etc | European Union Publications Office, |
| Date of publication, distribution, etc | 2020 |
| 300 ## - PHYSICAL DESCRIPTION | |
| Extent | 1 recurso electrónico |
| 500 ## - GENERAL NOTE | |
| General note | Provision of scientific advice for fisheries beyond EU waters: final report. |
| 506 1# - RESTRICTIONS ON ACCESS NOTE | |
| Terms governing access | Disponible solo en los productos indicados |
| Authorized users | vLex Global |
| -- | vLex Global (Academic Edition, excluding Law Schools) |
| -- | vLex Global (U.S. Academic Edition, Law Schools) |
| -- | vLex Global (U.S. Academic Edition, excluding Law Schools) |
| -- | vLex Global (Academic Edition, Law Schools) |
| 650 04 - SUBJECT ADDED ENTRY--TOPICAL TERM | |
| Topical term or geographic name as entry element | Pesca |
| Geographic subdivision | Unión Europea |
| 650 04 - SUBJECT ADDED ENTRY--TOPICAL TERM | |
| Topical term or geographic name as entry element | Derecho Comunitario |
| Geographic subdivision | Unión Europea |
| 700 1# - ADDED ENTRY--PERSONAL NAME | |
| Personal name | González-Costas, Fernando |
| 700 1# - ADDED ENTRY--PERSONAL NAME | |
| Personal name | Urtizberea, Agurtzane |
| 700 1# - ADDED ENTRY--PERSONAL NAME | |
| Personal name | Alpoim, Ricardo |
| 700 1# - ADDED ENTRY--PERSONAL NAME | |
| Personal name | Fernández, Carmen |
| 700 1# - ADDED ENTRY--PERSONAL NAME | |
| Personal name | Brunel, Thomas |
| 700 1# - ADDED ENTRY--PERSONAL NAME | |
| Personal name | de Oliveira, José |
| 700 1# - ADDED ENTRY--PERSONAL NAME | |
| Personal name | Ávila, Antonio |
| 700 1# - ADDED ENTRY--PERSONAL NAME | |
| Personal name | Pérez, Alfonso |
| 700 1# - ADDED ENTRY--PERSONAL NAME | |
| Personal name | Apostolaki, Panayiota |
| 700 1# - ADDED ENTRY--PERSONAL NAME | |
| Personal name | Cerviño, Santiago |
| 700 1# - ADDED ENTRY--PERSONAL NAME | |
| Personal name | Román, Esther |
| 700 1# - ADDED ENTRY--PERSONAL NAME | |
| Personal name | García, Dorleta |
| 700 1# - ADDED ENTRY--PERSONAL NAME | |
| Personal name | Iriondo, Ane |
| 700 1# - ADDED ENTRY--PERSONAL NAME | |
| Personal name | Santos, Eduardo |
| 740 0# - | |
| -- | vLex Libros (Servicio en línea) |
| 856 40 - LOCALIZACIÓN Y ACCESO ELECTRÓNICO | |
| Identificador Uniforme del Recurso (URI/URL) | https://app.vlex.com/#/sources/34360 |
| 942 ## - | |
| -- | RAA |
| 999 ## - | |
| -- | 171430 |
| -- | 171430 |
No hay ítems disponibles.